|
|
|
|
| LEADER |
00000cam a2200000 7i4500 |
| 001 |
0000029865 |
| 005 |
20241129.0 |
| 008 |
220603 my a eng |
| 040 |
|
|
|a INS
|b eng
|c INS
|e rda
|
| 090 |
0 |
0 |
|a Research 379
|b 2020
|
| 100 |
0 |
|
|a Siti Uzairiah Binti Mohd Tobi ,
|e author
|
| 245 |
1 |
0 |
|a Reactivation model for abandones housing project development in malaysia (ReMAH)
|c Siti Uzairiah Binti Mohd Tobi, Tuti Haryati Binti Jasimin, Wan Nurul Mardiah Binti Wan Mohd Rani, Suhaila Binti Abd Rashid
|
| 264 |
|
0 |
|c 2020
|
| 300 |
|
|
|a xii, 144 pages :
|b illustrations, pictures ;
|c 30 cm.
|
| 336 |
|
|
|a text
|2 rdacontent
|
| 337 |
|
|
|a unmediated
|2 rdamedia
|
| 338 |
|
|
|a volume
|2 rdacarrier
|
| 650 |
|
0 |
|a Housing
|x Abandonment
|z Malaysia
|
| 700 |
0 |
|
|a Suhaila Binti Abd Rashid ,
|e author
|
| 700 |
0 |
|
|a Tuti Haryati Binti Jasimin ,
|e author
|
| 700 |
0 |
|
|a Wan Nurul Mardiah Binti Wan Mohd Rani ,
|e author
|
| 999 |
|
|
|a RES0000649
|b BOOK
|c Research By JPPH Staff
|e Default branch
|